00308nam a2200133Ia 4500008004100000082001400041100001500055245002200070250000600092260002500098300000700123630002200130730002200152100122s9999 xx 000 0 und d b7469a823 aRHODE JOHN aDEAD ON THE TRACK a0 bTHE CRIME CLUBc1955 a50 aDEAD ON THE TRACK aDEAD ON THE TRACK